| 000 | 00431nam a2200193Ia 4500 | ||
|---|---|---|---|
| 008 | 210210b1846 xxu||||| |||| 00| 0 eng d | ||
| 041 | _aeng | ||
| 082 | _a954/524 | ||
| 100 | _a- | ||
| 245 | _aHistory of the Punjab Vol II | ||
| 260 |
_aLondon _bWm. H. Allen and Company _c1846 |
||
| 300 | _a395 | ||
| 650 | _aVol | ||
| 650 | _aPunjab | ||
| 650 | _aII | ||
| 650 | _aHistory | ||
| 690 | _aIndian History | ||
| 906 | _a000015 | ||
| 999 |
_c120817 _d120817 |
||